[Event "EU-ch Online 2300+ Qual"]
[Site "Chess.com INT"]
[Date "2020.05.29"]
[Round "4"]
[White "Volkov, Sergey"]
[Black "Gasimov, Rahim"]
[Result "1-0"]
[WhiteElo "2570"]
[BlackElo "2452"]
[PlyCount "81"]
[EventDate "2020.05.29"]
[EventType "swiss"]
[EventRounds "8"]
[EventCountry "NET"]
[SourceTitle "CBM 196 Extra"]
[Source "ChessBase"]
[SourceDate "2020.07.31"]
[SourceVersion "1"]
[SourceVersionDate "2020.07.31"]
[SourceQuality "1"]

1. d4 Nf6 2. c4 e6 3. Nc3 Bb4 4. f3 d5 5. a3 Be7 6. e4 dxe4 7. fxe4 e5 8. d5 a5 9. Nf3 Bg4 10. h3 Bxf3 11. Qxf3 Nbd7 12. Bd3 Bc5 13. Bd2 c6 14. 0-0-0 0-0 15. Kb1 Bd4 16. Rc1 Nc5 17. Bc2 Qb6 18. Ka2 Qa6 19. Qe2 Nfd7 20. Na4 Nxa4 21. Bxa4 Nc5 22. Bc2 b5 23. cxb5 cxb5 24. Bd3 Qb6 25. Bxb5 Rab8 26. Rxc5 Bxc5 27. a4 Rfc8 28. Rc1 Bd4 29. Rc6 Rxc6 30. dxc6 Qc5 31. Bxa5 Ra8 32. Be1 h6 33. Kb3 Qc1 34. Bb4 Rc8 35. Ba3 g6 36. g4 Kg7 37. Qd3 Rb8 38. Qc4 Qe3+ 39. Ka2 Qxe4 40. c7 Rc8 41. Ba6 1-0

[Event "AZE-ch"]
[Site "Baku"]
[Date "2009.01.19"]
[Round "7"]
[White "Gasimov, Rahim"]
[Black "Rasulov, Vugar Ural Oglu"]
[Result "1/2-1/2"]
[WhiteElo "2409"]
[BlackElo "2391"]
[PlyCount "127"]
[EventDate "2009.01.13"]
[EventType "tourn"]
[EventRounds "9"]
[EventCountry "AZE"]
[EventCategory "11"]
[SourceTitle "CBM 128 Extra"]
[Source "ChessBase"]
[SourceDate "2009.03.05"]
[SourceVersion "2"]
[SourceVersionDate "2009.03.25"]
[SourceQuality "1"]

1. d4 Nf6 2. Nf3 g6 3. c4 Bg7 4. Nc3 0-0 5. e4 d6 6. Be2 e5 7. dxe5 dxe5 8. Qxd8 Rxd8 9. Bg5 Re8 10. Nd5 Nxd5 11. cxd5 c6 12. Bc4 Nd7 13. dxc6 bxc6 14. Be3 h6 15. 0-0 Bf8 16. Rac1 Bb7 17. Nd2 Kg7 18. Nb3 a5 19. Rfd1 Red8 20. a4 Bb4 21. f3 g5 22. Rd3 Kf6 23. Rcd1 Ke7 24. h4 gxh4 25. Kh2 Bc8 26. Bxh6 Rh8 27. Be3 Rb8 28. Ba7 Rb7 29. Bf2 Rb8 30. Ba7 Ra8 31. Be3 Rh5 32. Rc1 Rb8 33. Ba7 Rb7 34. Be3 Rb8 35. Ba7 Ra8 36. Be3 Rb8 37. Ba7 Ra8 38. Be3 Rb8 39. Bd2 Nb6 40. Bxb4+ axb4 41. Nc5 Ra8 42. Bb3 Rh6 43. Rdd1 Rd6 44. Nd3 f6 45. Nxb4 Bd7 46. Rxd6 Kxd6 47. Rd1+ Ke7 48. Nd3 Nxa4 49. f4 exf4 50. Ra1 Nxb2 51. Rxa8 Nxd3 52. Rh8 Be6 53. Bxe6 Kxe6 54. Kh3 c5 55. Kxh4 Ne5 56. Rc8 c4 57. Rd8 Nc6 58. Rd5 Ne5 59. Rd8 Kf7 60. Kh3 Ke6 61. Kh4 Ke7 62. Rd5 Nd7 63. Rd4 Ne5 64. Rd5 1/2-1/2

[Event "AZE-ch"]
[Site "Baku"]
[Date "2009.01.17"]
[Round "5"]
[White "Gasimov, Rahim"]
[Black "Abbasov, Farid"]
[Result "0-1"]
[WhiteElo "2409"]
[BlackElo "2565"]
[PlyCount "96"]
[EventDate "2009.01.13"]
[EventType "tourn"]
[EventRounds "9"]
[EventCountry "AZE"]
[EventCategory "11"]
[SourceTitle "CBM 128 Extra"]
[Source "ChessBase"]
[SourceDate "2009.03.05"]
[SourceVersion "2"]
[SourceVersionDate "2009.03.25"]
[SourceQuality "1"]

1. Nf3 Nf6 2. c4 g6 3. b3 Bg7 4. Bb2 0-0 5. g3 d5 6. cxd5 Qxd5 7. Bg2 Nc6 8. Nc3 Qh5 9. h3 Rd8 10. a3 Ne4 11. g4 Qa5 12. Qc2 Ng5 13. e3 Nxf3+ 14. Bxf3 Ne5 15. Be2 c5 16. f4 Nc6 17. Ne4 Bxb2 18. Qxb2 Be6 19. Rc1 Bd5 20. Rxc5 Qxc5 21. Nxc5 Bxh1 22. Nxb7 Rdc8 23. Nc5 Rab8 24. Qc3 Nd8 25. d4 Bd5 26. b4 Ne6 27. Bc4 Nc7 28. Bd3 Nb5 29. Bxb5 Rxb5 30. a4 Rbb8 31. b5 a6 32. Qb4 axb5 33. axb5 Rb6 34. Nd7 Rb7 35. Nc5 Rb6 36. Na4 Rb7 37. Nc3 Bc4 38. Kf2 e6 39. b6 Rc6 40. Na4 Bd5 41. Kg3 h6 42. Qb5 f5 43. gxf5 gxf5 44. Qa6 Rg7+ 45. Kh4 Rc2 46. Nc5 Rh2 47. Qc8+ Kh7 48. Qc7 Bc4 0-1

[Event "AZE-ch"]
[Site "Baku"]
[Date "2009.01.16"]
[Round "4"]
[White "Guliev, Logman"]
[Black "Gasimov, Rahim"]
[Result "0-1"]
[WhiteElo "2470"]
[BlackElo "2409"]
[PlyCount "72"]
[EventDate "2009.01.13"]
[EventType "tourn"]
[EventRounds "9"]
[EventCountry "AZE"]
[EventCategory "11"]
[SourceTitle "CBM 128 Extra"]
[Source "ChessBase"]
[SourceDate "2009.03.05"]
[SourceVersion "2"]
[SourceVersionDate "2009.03.25"]
[SourceQuality "1"]

1. e4 c5 2. Nf3 e6 3. d4 cxd4 4. Nxd4 a6 5. Nc3 Qc7 6. g3 Nf6 7. Bg2 Be7 8. 0-0 0-0 9. a4 Nc6 10. Re1 d6 11. b3 Bd7 12. Nce2 e5 13. Nxc6 Bxc6 14. Qd3 b5 15. axb5 axb5 16. Ba3 Qb7 17. Nc1 Nd7 18. Qe2 f5 19. Bb2 Rxa1 20. Bxa1 Nf6 21. Nd3 Bxe4 22. Bxe4 fxe4 23. Nc1 Qd7 24. Rf1 Qh3 25. f3 Qd7 26. Bb2 exf3 27. Rxf3 Rc8 28. Nd3 Qc6 29. Ne1 Ne4 30. Re3 d5 31. Nd3 Bg5 32. Rf3 Qxc2 33. Qxc2 Rxc2 34. Bxe5 Nd2 35. Rf5 g6 36. Ne1 gxf5 0-1

[Event "AZE-ch"]
[Site "Baku"]
[Date "2009.01.15"]
[Round "3"]
[White "Gasimov, Rahim"]
[Black "Mirzoev, Azer"]
[Result "0-1"]
[WhiteElo "2409"]
[BlackElo "2564"]
[PlyCount "106"]
[EventDate "2009.01.13"]
[EventType "tourn"]
[EventRounds "9"]
[EventCountry "AZE"]
[EventCategory "11"]
[SourceTitle "CBM 128 Extra"]
[Source "ChessBase"]
[SourceDate "2009.03.05"]
[SourceVersion "2"]
[SourceVersionDate "2009.03.25"]
[SourceQuality "1"]

1. c4 c5 2. Nc3 Nc6 3. g3 g6 4. Bg2 Bg7 5. Nf3 e6 6. b3 Nge7 7. Ba3 d6 8. 0-0 0-0 9. e3 a6 10. Bb2 b5 11. d3 Rb8 12. Qe2 h6 13. Rfd1 Kh7 14. h3 f5 15. d4 cxd4 16. Nxd4 Nxd4 17. exd4 bxc4 18. bxc4 f4 19. gxf4 Rxf4 20. Ne4 Nf5 21. Bc1 Rh4 22. Be3 Bb7 23. Ng3 Bxg2 24. Kxg2 Nxd4 25. Bxd4 Bxd4 26. Rab1 Rf4 27. f3 Rxb1 28. Rxb1 Qd7 29. Qc2 Rf7 30. Qe4 Be5 31. c5 Qc7 32. cxd6 Bxd6 33. Ne2 Qe7 34. h4 Bc7 35. Rh1 h5 36. Rd1 Qf6 37. Rd3 Kg7 38. Nd4 Be5 39. Nc6 Bf4 40. Nd8 Re7 41. Rb3 e5 42. Kh3 Rd7 43. Rb7 Qd6 44. Kg2 Kf6 45. Rxd7 Qxd7 46. Qc6+ Ke7 47. Qxd7+ Kxd7 48. Nb7 Kc6 49. Nd8+ Kd5 50. Kf2 a5 51. Nf7 a4 52. Ke2 Bg3 53. Nh8 Ke6 0-1

[Event "AZE-ch"]
[Site "Baku"]
[Date "2008.01.25"]
[Round "6"]
[White "Mamedov, Nidjat"]
[Black "Gasimov, Rahim"]
[Result "1/2-1/2"]
[WhiteElo "2574"]
[BlackElo "2394"]
[PlyCount "122"]
[EventDate "2008.01.19"]
[EventType "tourn"]
[EventRounds "9"]
[EventCountry "AZE"]
[EventCategory "9"]
[SourceTitle "CBM 122 Extra"]
[Source "ChessBase"]
[SourceDate "2008.03.04"]
[SourceVersion "1"]
[SourceVersionDate "2008.03.04"]
[SourceQuality "1"]

1. e4 c5 2. Nc3 e6 3. Nge2 Nc6 4. d4 cxd4 5. Nxd4 Qc7 6. Be3 Nf6 7. f3 a6 8. Qd2 Ne5 9. 0-0-0 Bb4 10. Nb3 b5 11. Qe1 Nc4 12. Bd4 Qc6 13. Qg3 Be7 14. Bxc4 Qxc4 15. Na5 Qb4 16. Bb6 d5 17. exd5 Qd6 18. Qxd6 Bxd6 19. dxe6 Bf4+ 20. Kb1 Bxe6 21. g3 Be5 22. Bd4 Bxd4 23. Rxd4 0-0 24. g4 Rfd8 25. Rhd1 Rxd4 26. Rxd4 g5 27. a4 bxa4 28. Nxa4 Nd7 29. h3 Ne5 30. f4 gxf4 31. Rxf4 Rd8 32. b3 Rd5 33. Nb7 Ng6 34. Re4 Bd7 35. Nc3 Rg5 36. Rc4 Re5 37. Rc7 Be6 38. Nc5 a5 39. N3e4 Nf4 40. Nxe6 Rxe6 41. Ng5 Rg6 42. Nxf7 Nxh3 43. Ne5 Rg5 44. Rc5 Nf2 45. Rxa5 Nxg4 46. Ra8+ Kg7 47. Ra7+ Kg8 48. Nxg4 Rxg4 49. Ra4 h5 50. Ra5 h4 51. c4 Rg7 52. Ra8+ Kh7 53. Kc2 h3 54. Ra1 Kg6 55. b4 Kf5 56. b5 Ke5 57. Kc3 h2 58. Rh1 Rh7 59. Kb4 Kd6 60. c5+ Kc7 61. Ka5 Rh6 1/2-1/2

[Event "Internet Section 10A g/8'+2\""]
[Site "Dos Hermanas"]
[Date "2004.03.10"]
[Round "4"]
[White "Sokolov, Andrei"]
[Black "Gasimov, Rahim"]
[Result "0-1"]
[WhiteElo "2584"]
[BlackElo "2384"]
[PlyCount "152"]
[EventDate "2004.03.10"]
[EventType "swiss (blitz)"]
[EventRounds "9"]
[EventCountry "ESP"]
[SourceTitle "EXT 2005"]
[Source "ChessBase"]
[SourceDate "2004.11.15"]
[SourceVersion "1"]
[SourceVersionDate "2004.11.15"]
[SourceQuality "1"]

1. e4 d5 2. exd5 Qxd5 3. d4 Qa5+ 4. c3 Nf6 5. Nf3 Bf5 6. Qb3 Qb6 7. Nbd2 Qxb3 8. axb3 e6 9. b4 Nbd7 10. Nc4 Be7 11. Be2 0-0 12. 0-0 Nd5 13. Na5 Rfb8 14. Bd2 a6 15. Rfe1 Bg4 16. h3 Bh5 17. g4 Bg6 18. Bc4 N7b6 19. Bb3 h6 20. Ne5 Bh7 21. f4 Bd6 22. Rf1 f6 23. Nec4 Bd3 24. Rf3 Be4 25. Rf2 Nxc4 26. Nxc4 f5 27. Na5 Be7 28. Re2 g6 29. Rxe4 fxe4 30. Re1 Kf7 31. Rxe4 c6 32. Nc4 Rd8 33. Ne5+ Kg7 34. Kg2 Rf8 35. Nd3 Rf6 36. c4 Nc7 37. d5 cxd5 38. cxd5 Rd8 39. Bc3 Nxd5 40. Bxd5 Rxd5 41. Nc5 Bxc5 42. bxc5 Rxc5 43. Rd4 Rxc3 44. bxc3 g5 45. fxg5 hxg5 46. Rd6 e5 47. Rd5 Rc6 48. Rd7+ Kf6 49. Rxb7 e4 50. Kf2 Rxc3 51. Rb6+ Ke5 52. Rxa6 Rxh3 53. Kg2 Rb3 54. Ra8 Kf4 55. Re8 Rb2+ 56. Kg1 e3 57. Kf1 Kf3 58. Rf8+ Kxg4 59. Rg8 Kf4 60. Rg7 g4 61. Rg8 Kg3 62. Re8 Rf2+ 63. Ke1 Rf3 64. Ke2 Kg2 65. Rg8 g3 66. Rg7 Rf8 67. Kxe3 Re8+ 68. Kd2 Kf2 69. Rf7+ Kg1 70. Rg7 g2 71. Rh7 Re6 72. Rh8 Re5 73. Kd3 Kf2 74. Rf8+ Kg3 75. Rg8+ Kf3 76. Kd2 Re4 0-1

[Event "AZE-ch"]
[Site "Baku"]
[Date "2003.??.??"]
[Round "?"]
[White "Gasimov, Rahim"]
[Black "Mirzoev, Azer"]
[Result "1-0"]
[WhiteElo "2384"]
[BlackElo "2551"]
[PlyCount "97"]
[EventDate "2003.??.??"]
[EventType "tourn"]
[EventRounds "15"]
[EventCountry "AZE"]
[SourceTitle "EXT 2005"]
[Source "ChessBase"]
[SourceDate "2004.11.15"]
[SourceVersion "1"]
[SourceVersionDate "2004.11.15"]
[SourceQuality "1"]

1. c4 c5 2. Nf3 Nf6 3. g3 b6 4. Bg2 Bb7 5. 0-0 e6 6. Nc3 Be7 7. Re1 Ne4 8. Nxe4 Bxe4 9. d3 Bb7 10. e4 Nc6 11. d4 cxd4 12. Nxd4 Nxd4 13. Qxd4 0-0 14. Bf4 d6 15. Qd2 Qc8 16. b3 Rd8 17. Rad1 Bc6 18. Qe2 Qb7 19. b4 e5 20. Bd2 Bd7 21. Rc1 Rdc8 22. f4 Qa6 23. Bf1 Rc7 24. Qd3 Qb7 25. f5 a6 26. Be3 Bc6 27. Bf2 b5 28. a4 bxa4 29. b5 Be8 30. Ra1 axb5 31. cxb5 h6 32. Reb1 Bd7 33. Ra2 Rcc8 34. Qd1 d5 35. f6 Bxf6 36. exd5 e4 37. Rxa4 Rxa4 38. Qxa4 Qxd5 39. Rd1 Qe6 40. Re1 Re8 41. Qa7 Qd5 42. Qc5 Qxc5 43. Bxc5 Bc3 44. Rb1 e3 45. Be2 Re5 46. Ba7 Bf5 47. Rb3 Be1 48. Rxe3 Rxe3 49. Bxe3 1-0

[Event "Baku Bestcomp Cup active"]
[Site "Baku"]
[Date "2000.??.??"]
[Round "?"]
[White "Bagirov, Rufat"]
[Black "Gasimov, Rahim"]
[Result "1-0"]
[WhiteElo "2481"]
[BlackElo "2395"]
[PlyCount "35"]
[EventDate "2000.??.??"]
[EventType "k.o. (rapid)"]
[EventRounds "5"]
[EventCountry "AZE"]
[SourceTitle "EXT 2002"]
[Source "ChessBase"]
[SourceDate "2001.11.25"]
[SourceVersion "1"]
[SourceVersionDate "2001.11.25"]
[SourceQuality "1"]

1. d4 g6 2. c4 Bg7 3. Nf3 d6 4. Nc3 e5 5. dxe5 dxe5 6. Qxd8+ Kxd8 7. g3 f6 8. Bg2 c6 9. b3 Kc7 10. Ba3 Nh6 11. 0-0-0 Nf7 12. Ne4 Be6 13. Nd6 Na6 14. Nxf7 Bxf7 15. Bh3 Be8 16. Be7 b6 17. Rd2 Nc5 18. Rhd1 1-0

[Event "AZE-chT"]
[Site "Baku"]
[Date "2000.??.??"]
[Round "?"]
[White "Bayramov, Vougar"]
[Black "Gasimov, Rahim"]
[Result "1-0"]
[WhiteElo "2277"]
[BlackElo "2395"]
[PlyCount "67"]
[EventDate "2000.??.??"]
[EventType "team"]
[EventRounds "9"]
[EventCountry "AZE"]
[SourceTitle "EXT 2002"]
[Source "ChessBase"]
[SourceDate "2001.11.25"]
[SourceVersion "1"]
[SourceVersionDate "2001.11.25"]
[SourceQuality "1"]

1. d4 g6 2. Nf3 Bg7 3. Bf4 d6 4. e3 Nd7 5. Bc4 e5 6. dxe5 dxe5 7. Bg5 f6 8. Bh4 Nh6 9. e4 Qe7 10. 0-0 Nf7 11. Nc3 c6 12. Nd2 Nd6 13. a4 Bh6 14. Ba2 a5 15. Re1 b6 16. Nf1 Ba6 17. Qf3 Nc4 18. Rab1 Bf4 19. Red1 h5 20. Bg3 g5 21. Ne2 Nd6 22. Bxf4 gxf4 23. Nc3 Rd8 24. Qh3 Nc5 25. Nd2 h4 26. Qg4 Qh7 27. h3 Ke7 28. b4 axb4 29. Rxb4 Rhg8 30. Qf3 Nf7 31. Bxf7 Kxf7 32. Rxb6 Ne6 33. Rxa6 Nd4 34. Ra7+ 1-0

[Event "AZE-chT"]
[Site "Baku"]
[Date "2000.??.??"]
[Round "?"]
[White "Gasimov, Rahim"]
[Black "Mamedyarov, Shakhriyar"]
[Result "1/2-1/2"]
[WhiteElo "2395"]
[BlackElo "2201"]
[PlyCount "61"]
[EventDate "2000.??.??"]
[EventType "team"]
[EventRounds "9"]
[EventCountry "AZE"]
[SourceTitle "EXT 2002"]
[Source "ChessBase"]
[SourceDate "2001.11.25"]
[SourceVersion "1"]
[SourceVersionDate "2001.11.25"]
[SourceQuality "1"]

1. d4 Nf6 2. Nf3 g6 3. c4 Bg7 4. g3 0-0 5. Bg2 d6 6. Nc3 Nc6 7. 0-0 a6 8. d5 Na5 9. Nd2 c5 10. Qc2 Rb8 11. b3 b5 12. Bb2 Bd7 13. Rab1 Qc7 14. e4 h5 15. h3 Qc8 16. Kh2 h4 17. g4 bxc4 18. bxc4 Bxg4 19. hxg4 Nxg4+ 20. Kh1 Ne5 21. f4 Nexc4 22. Nxc4 Nxc4 23. Nd1 Nxb2 24. Nxb2 Qg4 25. f5 g5 26. Nc4 Rxb1 27. Qxb1 Qe2 28. Na5 Be5 29. Qc1 f6 30. Qd1 Qxa2 31. Qh5 1/2-1/2

[Event "AZE-chT"]
[Site "Baku"]
[Date "2000.??.??"]
[Round "?"]
[White "Gasimov, Rahim"]
[Black "Manafov, Ilkin"]
[Result "1-0"]
[WhiteElo "2395"]
[BlackElo "2128"]
[PlyCount "75"]
[EventDate "2000.??.??"]
[EventType "team"]
[EventRounds "9"]
[EventCountry "AZE"]
[SourceTitle "EXT 2002"]
[Source "ChessBase"]
[SourceDate "2001.11.25"]
[SourceVersion "1"]
[SourceVersionDate "2001.11.25"]
[SourceQuality "1"]

1. d4 Nf6 2. c4 e6 3. Nf3 b6 4. g3 Ba6 5. Qa4 Be7 6. Bg2 Bb7 7. Nc3 c5 8. 0-0 cxd4 9. Nxd4 Bxg2 10. Kxg2 Qc8 11. e4 Qb7 12. f3 Nc6 13. Nxc6 Qxc6 14. e5 Qxa4 15. Nxa4 Ng8 16. Nc3 Rc8 17. b3 d5 18. exd6 Bxd6 19. f4 Ne7 20. Ne4 Bc5 21. Rd1 h5 22. Rd3 Nf5 23. Nxc5 bxc5 24. Ba3 0-0 25. Rad1 Rc7 26. h3 Rb8 27. g4 hxg4 28. hxg4 Ne7 29. Rd7 Rbb7 30. R7d6 Rb6 31. Kf3 f6 32. Rd7 Rbb7 33. Rxc7 Rxc7 34. Rd6 Kf7 35. Ra6 e5 36. fxe5 Ng6 37. exf6 gxf6 38. Bb2 1-0

[Event "AZE-Cup "]
[Site "Azerbaijan"]
[Date "1999.??.??"]
[Round "?"]
[White "Mirzoev, Azer"]
[Black "Gasimov, Rahim"]
[Result "0-1"]
[WhiteElo "2438"]
[BlackElo "2395"]
[PlyCount "48"]
[EventDate "1999.??.??"]
[EventType "k.o."]
[EventRounds "5"]
[EventCountry "AZE"]
[SourceTitle "EXT 2001"]
[Source "ChessBase"]
[SourceDate "2000.11.22"]
[SourceVersion "1"]
[SourceVersionDate "2000.11.22"]
[SourceQuality "1"]

1. d4 g6 2. Nf3 Bg7 3. g3 b5 4. Bg2 Bb7 5. 0-0 Nf6 6. c3 0-0 7. a4 a6 8. axb5 axb5 9. Rxa8 Bxa8 10. Qb3 c6 11. Nbd2 d6 12. e4 Nfd7 13. Qc2 c5 14. d5 c4 15. Nd4 Qb6 16. N2f3 Na6 17. Be3 Nac5 18. h4 Nf6 19. Nh2 Qa6 20. Rb1 Rb8 21. b4 cxb3 22. Nxb3 Qa4 23. f3 Nfd7 24. Nf1 Rc8 0-1

[Event "Linares Anibal op 05th"]
[Site "Linares"]
[Date "1998.01.25"]
[Round "6"]
[White "Gasimov, Rahim"]
[Black "Marin, Mihail"]
[Result "1-0"]
[WhiteElo "2395"]
[BlackElo "2545"]
[PlyCount "85"]
[EventDate "1998.01.20"]
[EventType "swiss"]
[EventRounds "10"]
[EventCountry "ESP"]
[SourceTitle "CBM 062 Extra"]
[Source "ChessBase"]
[SourceDate "1998.03.09"]
[SourceVersion "1"]
[SourceVersionDate "1998.03.09"]
[SourceQuality "1"]

1. Nf3 Nf6 2. c4 c5 3. g3 b6 4. Bg2 Bb7 5. 0-0 e6 6. Nc3 a6 7. Re1 Qc7 8. e4 Nc6 9. e5 Ng4 10. d3 0-0-0 11. Bg5 f6 12. exf6 gxf6 13. Bf4 Bd6 14. Bxd6 Qxd6 15. Ne4 Qe7 16. d4 f5 17. Nc3 cxd4 18. Na4 b5 19. cxb5 axb5 20. Nb6+ Kb8 21. a4 Qc5 22. axb5 d3 23. Qd2 Qxb5 24. Na4 Nce5 25. Nd4 Bxg2 26. Nxb5 Nf3+ 27. Kxg2 Nxd2 28. Nc5 d6 29. Nxd3 Ne5 30. Nxe5 dxe5 31. Rxe5 Rhe8 32. Nc3 f4 33. g4 Rd3 34. Ra4 f3+ 35. Kh3 Kc7 36. Ra7+ Kd6 37. Rb5 h6 38. Ra6+ Ke7 39. Rh5 Rh8 40. Re5 Rd6 41. Nd5+ Kd7 42. Ra7+ Kc6 43. Nb4+ 1-0

[Event "Ubeda op 3rd"]
[Site "Ubeda"]
[Date "1998.01.24"]
[Round "5"]
[White "Filippov, Valerij"]
[Black "Gasimov, Rahim"]
[Result "1-0"]
[WhiteElo "2595"]
[BlackElo "2395"]
[PlyCount "91"]
[EventDate "1998.01.20"]
[EventType "swiss"]
[EventRounds "10"]
[EventCountry "ESP"]
[SourceTitle "CBM 062 Extra"]
[Source "ChessBase"]
[SourceDate "1998.03.09"]
[SourceVersion "1"]
[SourceVersionDate "1998.03.09"]
[SourceQuality "1"]

1. Nf3 c5 2. c4 Nc6 3. d4 cxd4 4. Nxd4 Nf6 5. g3 e6 6. Bg2 Be7 7. 0-0 0-0 8. Nc3 a6 9. Bf4 Nh5 10. Be3 Ne5 11. b3 Nf6 12. Nc2 d6 13. Kh1 Qc7 14. f4 Nc6 15. Bg1 Rb8 16. Rc1 Qa5 17. Qd3 Nb4 18. Nxb4 Qxb4 19. a3 Qa5 20. b4 Qc7 21. Ba7 Ra8 22. Bd4 Bd7 23. e4 Rac8 24. e5 dxe5 25. fxe5 Ng4 26. Qe2 Nh6 27. Ne4 Nf5 28. Nf6+ Bxf6 29. exf6 Nxd4 30. Qg4 g6 31. Qxd4 Bc6 32. Qe3 Bxg2+ 33. Kxg2 Qc6+ 34. Kg1 Kh8 35. c5 Rcd8 36. Rcd1 Rd5 37. Rd4 Rxd4 38. Qxd4 h6 39. Qe3 Kh7 40. Rd1 e5 41. Qxe5 Re8 42. Qd5 Re6 43. Qxc6 bxc6 44. Rd6 g5 45. Rxe6 fxe6 46. a4 1-0

[Event "AZE-ch qual"]
[Site "Baku"]
[Date "1998.??.??"]
[Round "?"]
[White "Gasimov, Rahim"]
[Black "Radjabov, Teimour"]
[Result "1-0"]
[WhiteElo "2395"]
[BlackElo "2245"]
[PlyCount "93"]
[EventDate "1998.??.??"]
[EventType "swiss"]
[EventRounds "9"]
[EventCountry "AZE"]
[SourceTitle "EXT 2000"]
[Source "ChessBase"]
[SourceDate "1999.11.16"]
[SourceVersion "1"]
[SourceVersionDate "1999.11.16"]
[SourceQuality "1"]

1. Nf3 e6 2. c4 f5 3. g3 Nf6 4. Bg2 d5 5. 0-0 Bd6 6. Nc3 c6 7. d3 0-0 8. e4 dxe4 9. dxe4 Bb4 10. Qxd8 Rxd8 11. Bg5 Bxc3 12. bxc3 fxe4 13. Ne5 h6 14. Rfd1 Rf8 15. Be3 Nbd7 16. Nxd7 Bxd7 17. Bxe4 Nxe4 18. Rxd7 b6 19. Rad1 Nxc3 20. R1d6 c5 21. Rxe6 Rf7 22. Rd2 Raf8 23. Bf4 b5 24. Bd6 Rc8 25. Rc2 b4 26. Be5 Na4 27. Rd6 Nb6 28. f4 Rb7 29. Rg6 Kh7 30. f5 Re7 31. Bb2 Rcc7 32. Kf2 Re4 33. Kf3 Rxc4 34. Rd2 Rf7 35. g4 b3 36. Rd8 Rd4 37. Bxd4 cxd4 38. axb3 Nd7 39. Rd6 Ne5+ 40. Kf4 Nd3+ 41. Kg3 Nc1 42. h4 Ne2+ 43. Kf3 Ng1+ 44. Kf2 Nh3+ 45. Kg3 Ng1 46. Re8 Rb7 47. Kg2 1-0

[Event "Berliner Sommer 15th"]
[Site "Berlin"]
[Date "1997.??.??"]
[Round "4"]
[White "Bajarani, Ilgar"]
[Black "Gasimov, Rahim"]
[Result "1-0"]
[WhiteElo "2380"]
[BlackElo "2395"]
[PlyCount "99"]
[EventDate "1997.08.??"]
[EventType "swiss"]
[EventRounds "9"]
[EventCountry "GER"]
[SourceTitle "CBM 059 Extra"]
[Source "ChessBase"]
[SourceDate "1997.09.26"]
[SourceVersion "1"]
[SourceVersionDate "1997.09.26"]
[SourceQuality "1"]

1. d4 e6 2. Nf3 Nf6 3. c4 Bb4+ 4. Nbd2 b6 5. e3 Bb7 6. Bd3 Bxd2+ 7. Nxd2 d6 8. 0-0 e5 9. Qc2 Qe7 10. b3 e4 11. Be2 Nbd7 12. Bb2 h5 13. Rae1 Ng4 14. h3 f5 15. Qc3 Ngf6 16. f3 h4 17. d5 c6 18. fxe4 fxe4 19. dxc6 Bxc6 20. b4 Ne5 21. c5 Nd3 22. Bxd3 exd3 23. b5 Bxb5 24. Qb4 Bc6 25. cxd6 Qd7 26. e4 0-0-0 27. Rc1 Kb7 28. a4 Rh5 29. Qd4 Rg5 30. Rf3 Qe6 31. Rxd3 Bxe4 32. Nxe4 Qxe4 33. Rc7+ Kb8 34. Qxe4 Nxe4 35. Rxg7 Rxg7 36. Bxg7 Kc8 37. Be5 Nc5 38. Rd4 Re8 39. Bf6 Kd7 40. Bxh4 Re3 41. Be7 a5 42. h4 Re5 43. g4 b5 44. axb5 a4 45. Bf6 Re2 46. g5 a3 47. Rd1 Ne4 48. b6 Nxf6 49. gxf6 a2 50. f7 1-0

[Event "AZE-ch"]
[Site "Baku"]
[Date "1997.??.??"]
[Round "?"]
[White "Gasimov, Rahim"]
[Black "Allahverdiyev, Anar"]
[Result "1/2-1/2"]
[WhiteElo "2405"]
[BlackElo "2380"]
[PlyCount "24"]
[EventDate "1997.??.??"]
[EventType "tourn"]
[EventRounds "10"]
[EventCountry "AZE"]
[SourceTitle "EXT 2000"]
[Source "ChessBase"]
[SourceDate "1999.11.16"]
[SourceVersion "1"]
[SourceVersionDate "1999.11.16"]
[SourceQuality "1"]

1. Nf3 Nf6 2. c4 e6 3. g3 b6 4. Bg2 Bb7 5. 0-0 Be7 6. Nc3 0-0 7. Re1 d5 8. cxd5 Nxd5 9. e4 Nxc3 10. bxc3 c5 11. d4 Nd7 12. Bf4 Nf6 1/2-1/2

[Event "AZE-ch"]
[Site "Baku"]
[Date "1997.??.??"]
[Round "?"]
[White "Gasimov, Rahim"]
[Black "Bajarani, Ilgar"]
[Result "1/2-1/2"]
[WhiteElo "2405"]
[BlackElo "2405"]
[PlyCount "20"]
[EventDate "1997.??.??"]
[EventType "tourn"]
[EventRounds "10"]
[EventCountry "AZE"]
[SourceTitle "EXT 2000"]
[Source "ChessBase"]
[SourceDate "1999.11.16"]
[SourceVersion "1"]
[SourceVersionDate "1999.11.16"]
[SourceQuality "1"]

1. d4 d5 2. c4 dxc4 3. Nf3 a6 4. a4 Nf6 5. e3 e6 6. Bxc4 c5 7. 0-0 Nc6 8. dxc5 Qxd1 9. Rxd1 Bxc5 10. Nc3 Ke7 1/2-1/2

[Event "Linares Anibal op 04th"]
[Site "Linares"]
[Date "1997.??.??"]
[Round "3"]
[White "Gasimov, Rahim"]
[Black "Galego, Luis"]
[Result "1/2-1/2"]
[WhiteElo "2405"]
[BlackElo "2475"]
[PlyCount "38"]
[EventDate "1997.02.??"]
[EventType "swiss"]
[EventRounds "10"]
[EventCountry "ESP"]
[SourceTitle "CBM 058"]
[Source "ChessBase"]
[SourceDate "1997.06.01"]
[SourceVersion "1"]
[SourceVersionDate "1997.06.01"]
[SourceQuality "1"]

1. Nf3 c5 2. c4 Nf6 3. Nc3 Nc6 4. g3 d6 5. Bg2 e5 6. d3 Be7 7. Rb1 0-0 8. 0-0 h6 9. Nd2 Be6 10. Nd5 Qd7 11. a3 Bh3 12. b4 Bxg2 13. Kxg2 Nxd5 14. cxd5 Nd4 15. Bb2 Rfc8 16. e3 Nf5 17. bxc5 Rxc5 18. Nb3 Rb5 19. e4 Nh4+ 1/2-1/2

[Event "Goodricke op 08th"]
[Site "Kolkata"]
[Date "1997.??.??"]
[Round "6"]
[White "Gasimov, Rahim"]
[Black "Malisauskas, Vidmantas"]
[Result "0-1"]
[WhiteElo "2405"]
[BlackElo "2530"]
[PlyCount "132"]
[EventDate "1997.02.??"]
[EventType "swiss"]
[EventRounds "11"]
[EventCountry "IND"]
[SourceTitle "CBM 056 Extra"]
[Source "ChessBase"]
[SourceDate "1997.03.01"]
[SourceVersion "1"]
[SourceVersionDate "1997.03.01"]
[SourceQuality "1"]

1. Nf3 c5 2. c4 Nc6 3. Nc3 g6 4. d4 cxd4 5. Nxd4 Bg7 6. Nc2 Nf6 7. e4 d6 8. Be2 Nd7 9. Bd2 0-0 10. 0-0 Nc5 11. f3 a5 12. Kh1 Bd7 13. Be3 a4 14. Nd4 Nxd4 15. Bxd4 Bc6 16. Bxg7 Kxg7 17. Qd2 Qa5 18. Rfd1 f6 19. Bf1 Rfd8 20. Rab1 e5 21. Ne2 Qxd2 22. Rxd2 Kf7 23. Kg1 Ke7 24. Nc3 h5 25. h4 g5 26. hxg5 fxg5 27. Nd5+ Bxd5 28. exd5 b6 29. Be2 Rf8 30. b4 axb3 31. axb3 Ra3 32. b4 Nd7 33. Rbb2 h4 34. c5 bxc5 35. Bb5 Ra1+ 36. Kh2 Nf6 37. bxc5 g4 38. cxd6+ Kxd6 39. fxg4 Nxg4+ 40. Kh3 Rf4 41. Kxh4 Nf6+ 42. g4 Rxg4+ 43. Kh3 Ra8 44. Be8 Ra3+ 45. Kh2 Nxe8 46. Rb6+ Kc7 47. Re6 Nd6 48. Rxe5 Ne4 49. d6+ Kd8 50. Re2 Nxd6 51. R5e3 Ra7 52. Rg3 Rh7+ 53. Kg2 Rgh4 54. Re5 Kd7 55. Rg6 Rh2+ 56. Kg3 R7h3+ 57. Kf4 Rf2+ 58. Kg4 Rd3 59. Rg7+ Kc6 60. Reg5 Nf7 61. R7g6+ Kd7 62. Ra5 Rg2+ 63. Kf5 Nd6+ 64. Kf6 Rf3+ 65. Kg7 Rf7+ 66. Kh6 Rh2+ 0-1